000 01023nam0a22002531 4500
001 rc\4445454
005 20260407023551.0
021 _aRU
_bРг5043-66
021 _aRU
_b66-45337
035 _a(NLR Aleph) 008317898
090 _a8738466
_c8738466
100 _a20130416d1966 |||y0rusy50 ca
101 0 _arus
102 _aRU
105 _ay z |||||
200 1 _aИнструкция наблюдателю водомерного поста
_eУтв. 16 апр. 1966
_fМ-во мелиорации и водного хозяйства РСФСР. Респ. гос. ин-т по проектированию водохозяйств и мелиоративного строительства Росгипроводхоз
210 _aМосква
_cБ. и.
_d1966
215 _a9 с.
_d20
712 0 2 _a"Росгипроводхоз", институт
_cМосква
_3RU\NLR\AUTH\8810008990
_9515710
801 0 _aRU
_bNLR
_gpsbo
801 1 _aRU
_bELAR
_2rusmarc
852 _aNLR
_j66-4/11889
942 _cBOOK
980 _aNB